Statistics for Countries with embassies and consulates in Croatia

Click here to take the quiz!

General Stats

  • This quiz has been taken 99 times
  • The average score is 47 of 54

Answer Stats

ContinentCountry% Correct
AsiaChina
99%
Asia/ EuropeRussia
99%
EuropeSerbia
99%
EuropeUnited Kingdom
98%
OceaniaAustralia
96%
EuropeBosnia and Herzegovina
96%
EuropePortugal
96%
EuropeSlovakia
96%
EuropeSpain
96%
North AmericaUnited States of America
96%
EuropeAustria
95%
EuropeBulgaria
95%
North AmericaCanada
95%
EuropeGermany
95%
AsiaJapan
95%
EuropeNorway
95%
EuropeSlovenia
95%
EuropeAlbania
94%
EuropeBelgium
94%
EuropePoland
94%
EuropeSweden
94%
EuropeCzech Republic
93%
AsiaIndia
93%
EuropeRomania
93%
Europethe Netherlands
93%
Asia/ EuropeTurkey
93%
South AmericaBrazil
92%
EuropeDenmark
92%
AfricaEgypt
92%
EuropeFrance
92%
EuropeHungary
92%
EuropeItaly
92%
EuropeMontenegro
92%
EuropeFinland
90%
EuropeUkraine
90%
EuropeIreland
89%
EuropeSwitzerland
89%
South AmericaChile
88%
AfricaAlgeria
86%
EuropeKosovo
86%
EuropeMacedonia
86%
AsiaIran
82%
AsiaSouth Korea
81%
EuropeLithuania
80%
AsiaIndonesia
78%
AsiaIsrael
78%
EuropeVatican City
77%
EuropeCyprus
75%
AsiaAzerbaijan
66%
AfricaMorocco
65%
AfricaLibya
59%
AsiaMalaysia
55%
AsiaQatar
51%
AsiaKazakhstan
49%

Score Distribution

Percentile by Number Answered

Percent of People with Each Score

Your Score History

You have not taken this quiz